| 000 | 00947nas a2200301 4500 | ||
|---|---|---|---|
| 001 | BR2018001899 | ||
| 003 | BR-BrBNA | ||
| 005 | 20231205131413.0 | ||
| 007 | ta | ||
| 008 | 230509b bl.|||p| |||| 00| 00por d | ||
| 040 |
_aBR-BrBNA _bpor _cBiblioteca Nacional de Agricultura |
||
| 041 | _a(Pt) | ||
| 072 | _aF30 | ||
| 100 | 1 | _aBotelho, F.B.S. | |
| 100 | 1 | _aSoares, P.C. | |
| 100 | 1 | _aCastro, A.P. de | |
| 100 | 1 | _aTorga, P.P. | |
| 100 | 1 | _aReis, M. de S. | |
| 100 | 1 | _aRodrigues, C.S. | |
| 245 | 1 | _aMelhoramento genético do arroz em Minas Gerais: avanços e perspectivas | |
| 650 | _aARROZ | ||
| 650 | _aVARIEDADE RESISTENTE | ||
| 650 | _aMELHORAMENTO GENÉTICO VEGETAL | ||
| 650 | _aMINAS GERAIS | ||
| 773 | 0 |
_tInforme Agropecuário - Empresa de Pesquisa Agropecuária de Minas Gerais (Brazil) _xISSN 0100-3364 _g(2018), v. 39(301) p. 28-34 _wBR2018001899 |
|
| 909 |
_a202311 _bLúcia _c55 _dLúcia Elande |
||
| 942 |
_2AGRIS _n0 _cANA |
||
| 999 |
_c254615 _d254615 |
||